000 00820nam a22002415i 4500
001 177748
003 ES-MaACL
005 20230906220413.0
008 110418s1961 sp |||| | spa d
080 _a821.134.2-31"19"(082.2)
100 1 _aGarcía Aráez, Josefina.
_954172
245 1 4 _aLos años dormidos /
_cJosefina García Aráez. El semáforo señala rojo / Luisa Taboada. El ruido del silencio / María Mercedes Estremera.
260 _aMadrid :
_bAguilar,
_c1961.
300 _a701 p. ;
_c20 cm.
490 1 _aNova navis ;
_v14
700 0 _aTaboada, Luisa.
_9146237
700 1 _aEstremera, Mercedes.
_9146238
740 3 2 _aEl semáforo señala rojo.
740 3 2 _aEl ruido del silencio.
830 0 _aNova navis ;
_v14
_9190579
852 _aES-MaACL
_jE-14947
_xOlim P-259
999 _c177748
_d177748